000 01524nam a2200205Ia 4500
003 Ost
005 20260507075636.0
008 260507s9999||||xx |||||||||||||| ||und||
040 _cfsecg
041 _aara
082 _a330.121
100 _aعناية، غازى حسين
_eمؤلف
245 0 _aالنظام الضريبي في الفكر المالي الإسلامي :
_bدراسة مقارنة /
_c غازى حسين عناية
260 _aالإسكندرية:
_bمؤسسة شباب الجامعة,
_c2003
300 _a395 صفحة؛
_bإيضاحات ؛
_c24 سم
520 _aالتعريف بالضريبة- خصائص النظام الضريبي الإسلامي- سلطة الدولة في فرض الضرائب- قواعد العبئ الضريبي في الفكر العربي الإسلامي- أنواع الضرائب- الأنظمة العامة للضرائب في الفكر المالي الإسلامي- تسوية الضريبة في الفكر المالي الإسلامي- التهرب الضريبي- الأنظمة العامة للضرائب في الفكر المالي الإسلامي- نظام الضرائب العينية والضرائب الشخصية- نظام الضرائب النسبية والضرائب التصاعدية- تسوية الضريبة في الفكر المالي الإسلامي- التهرب الضريبي- الآثار الإقتصادية للضرائب
653 _aالإقتصاد الإسلامي
653 _aالضريبة
942 _cكتاب
999 _c45292
_d45292